000 00656nam a2200229Ia 4500
003 GCL
008 140319s9999 xx 000 0 eng d
020 _a1857150457
040 _aGCL /
_cGCL
082 0 4 _a891.7
_bC S
100 1 _aCHEKHOV, A
245 1 0 _aTHE STEPPE AND OTHER STORIES /
_cCHEKHOV, A
700 1 _aGARNETT, CONSTANE
700 1 _aFREEBORN, RICHARD
260 _aانجلترا :
_bEVERYMAN'S LIBRARY ،
_c1991
300 _a21 CM ؛
_cL1, 323 P
490 _aTHE MILLENNIUM LIBRARY
_v45
650 0 4 _aRUSSIAN LITERATURE
650 0 4 _aRUSSIAN LITERATURE - TRANSLATION INTO ENGLISH
650 0 4 _aRUSSIAN FICTION
942 _2ddc
_cBK
999 _c5145
_d5145